| 000 | 00000nam##2200000za#4500 |
| 001 | 9.571007 |
| 003 | CaOODSP |
| 005 | 20210624182520 |
| 007 | cr ||||||||||| |
| 008 | 150406|2009||||xxc|||||o f|0| 0 eng|d |
| 040 | |aCaOODSP|beng |
| 043 | |an-cn--- |
| 086 | 1 |aYC32-0/402-3E-PDF |
| 110 | 1 |aCanada. |bParliament. |bSenate. |bStanding Committee on Human Rights. |
| 245 | 10|aReport of the Standing Senate Committee on Human Rights re: the Public Sector Equitable Compensation Act : |h[electronic resource]|bthird report / |cThe Honourable Raynell Andreychuk, chair ; the Honourable Mobina S.B. Jaffer, deputy chair. |
| 260 | |aOttawa - Ontario : |bSenate. |cJune 2009. |
| 300 | |a26p.|breferences |
| 490 | 1 |aReport of the Standing Senate Committee on Human Rights|v[40th Parliament, 2nd Session, 3rd report] |
| 590 | |a11-12-Supp|b2011-07-29 |
| 775 | 08|tRapport du Comité sénatorial permanent des droits de la personne concernant la Loi sur l'équité dans la rémunération du secteur public : |w(CaOODSP)9.601650 |
| 830 | #0|aReport of the Standing Senate Committee on Human Rights ;|v[40th Parliament, 2nd Session, 3rd report]|w(CaOODSP)9.505251 |
| 856 | 40|ahttp://publications.gc.ca|qPDF|s223 KB|uhttps://publications.gc.ca/collections/collection_2011/sen/yc32-0/YC32-0-402-3-eng.pdf|y[40th Parliament, 2nd Session, 3rd report] |